Založenie Slovenskej asociácie učiteľov geografie

Bibliographic Details
Main Author: Drgoňa, Vladimír, 1955- (Author)
Format: Article
Language:Slovak
Subjects:

MARC

LEADER 00000nab a2200000 a 4500
001 vtls000657619
003 SK-MaSNL
005 20260304092307.0
008 250425c1998 xo 0 slo
015 |a SNBRB1998/04-09187 
035 |a CLN000009811 
035 |a urn:nbn:sk:snk-ab2ifv 
035 |a (urnnbn)urn:nbn:sk:snk:ar-a02gtd 
035 |a (uuid)e7063db9-76d2-41ff-b78e-2f9f4497073f 
040 |a SNKBUCL  |b slo  |c SNKBUCL  |e AACR2 
041 0 |a slo 
044 |a xo  |c SK 
080 |a 371.124:91:061.25(437.6)  |2 1997 
080 |a 91:371.124:061.25(437.6)  |2 1997 
100 1 |a Drgoňa, Vladimír,  |d 1955-  |4 aut  |9 118110 
245 1 0 |a Založenie Slovenskej asociácie učiteľov geografie  |c Vladimír Drgoňa 
610 7 |a Slovenská asociácia učiteľov geografie  |2 snkbucl  |9 1385886 
655 7 |a články z novín a časopisov  |2 snkbucl  |9 267496 
773 0 |t Geografia  |g Roč. 6, č. 1 (1998), s. 36-37 
850 |a Slovenská národná knižnica 
852 |a Slovenská národná knižnica 
954 |a odborná, vedecká literatúra pôvodná (slovenská)  |2 lita 
958 |a article27 
958 |a SK 
958 |a OND 
958 |a EUIPO 
992 |a RBX 
999 |c 2818601  |d 2820531